000 01318cam a2200313 4500
001 WS110503
008 000000n 000 0 eng u
035 _a(Sirsi) u110503
245 _aBarbour Index
520 _aSite which aims to provide built environment professionals and those responsible for health and safety at work, with fast easy access to news, views and in-depth information. Includes free online building product information "Building Product Expert", industry research reports and CPD briefing notes and access to construction industry magazines.
650 _aCONSTRUCTION (DESIGN AND MANAGEMENT) REGULATIONS 1994
650 _aSAFETY
650 _aBUILT ENVIRONMENT-BUILDING MATERIALS
650 _aBUILDING PRODUCTS
650 _aPROPERTY WEEK
650 _aBUILDING SERVICES JOURNAL
650 0 _aBUILDING HOMES
650 _aCONSTRUCTION MANAGER
650 _aCONSTRUCTION MANAGEMENT
_96230
650 0 _aELECTRICAL AND MECHANICAL CONTRACTOR
650 0 _aSECURITY MANAGEMENT TODAY
650 0 _aFACILITIES BUSINESS
650 _aFACILITIES MANAGEMENT
_96240
650 0 _aWORLD ARCHITECTURE
650 _aJOURNALS
690 _aBUILT ENVIRONMENT
856 4 0 _uhttps://www.barbour-index.co.uk
_zView the website free of charge at www.barbour-index.co.uk...
942 _n0
999 _c119764
_d119764